| 000 | 005660000a22001810004500 | ||
|---|---|---|---|
| 003 | MACL | ||
| 005 | 20160525140623.0 | ||
| 008 | 160525b xxu||||| |||| 00| 0 eng d | ||
| 040 |
_aMACL _cMACL |
||
| 041 | _aHindi | ||
| 082 | _a891.432 | ||
| 100 |
_aव्यास, निर्मोही _959169 |
||
| 245 |
_aनाटय निकुंज _cनिर्मोही व्यास |
||
| 260 |
_aबीकानेर _bविकास प्रकाशन _c2008 |
||
| 350 | _a200 | ||
| 650 |
_aDrama _959465 |
||
| 942 |
_cHIN _k891.432//VARD _2ddc |
||
| 999 |
_c46155 _d46155 |
||